Work and health in the EU <a> statistical portrait

Guardado en:
Detalles Bibliográficos
Autores Corporativos: European Commission, Eurostat
Formato: Libro
Lenguaje:inglés
Publicado: Luxembourg Office for Official Publications of the European Communities 2003, 2004
Colección:Theme 3: Population and social conditions,
Materias:
Etiquetas: Agregar Etiqueta
Sin Etiquetas, Sea el primero en etiquetar este registro!

MARC

LEADER 00000nam$a2200000$$$4500
001 0036373
005 20240318114751.4
020 |a 92-894-7006-2 
041 0 |a eng 
044 |a LU 
245 1 0 |a Work and health in the EU  |b <a> statistical portrait 
264 1 |a Luxembourg  |b Office for Official Publications of the European Communities  |c 2003, 2004 
300 |a 129 s. 
490 1 |a Theme 3: Population and social conditions, 
830 0 |a Theme 3: Population and social conditions, 
610 2 0 |a práca 
610 2 0 |a zdravie 
610 2 0 |a údaje štatistické 
610 2 0 |a sily pracovné 
610 2 0 |a chorobnosť 
610 2 0 |a bezpečnosť práce 
610 2 0 |a riziko 
610 2 0 |a miesta pracovné 
610 2 0 |a diskriminácia pracovná 
610 2 0 |a podmienky pracovné 
610 2 0 |a úrazy pracovné 
610 2 0 |a Európska únia 
610 2 0 |a 1994-2002 
710 2 |a European Commission 
710 2 |a Eurostat